00960nam a2200241Ii 45000010006000000050017000060080041000230200015000640400033000790820027001121000037001392450082001762640054002583000028003123360029003403370029003693380027003985340051004256510057004766510091005336510048006247000046006724585820250917172236.0241108s9999||||xx |||||||||||||| ||und|| a9501520730 aCO-ViMGAbspaerdacCO-ViMGA04a940.282 J65nbJ65n2231 aJohnson, Paul d1928-2023eautor10aEl nacimiento del mundo moderno /cPaul Johnson ; traducción Aníbal Leal. 1aBuenos Aires, Argentina : bJavier Vergara,c2002 a1087 páginas c23 cm. atextobtxt2rdacontenido ano mediado bn2rdamedio avolumebnc2rdacarrier bTítulo original. $tThe birth of the modern. aEstados Unidos xCondiciones económicasy1815-1830 aEstados Unidos $x Condiciones sociales $y 1815-1830.xCondiciones socialesy1815-1830. aEuropa xCondiciones económicay1815-1830 aLeal, Aníbal Carlos Timoteoetraductor